00873nam a22002297a 450000500170000001000150001702000260003203500130005803700130007108200160008410000160010024501180011626000340023427000630026830000390033150000500037070000190042070000280043994200300046799900170049795201290051420140207151842.0 aENG-109157 a9789381523766c350.00 aEN-92690 bDBAD/PUB a301.4510954 aMuthiah, S. aThe Anglo- Indians :cby S. Muthiah [and] Harry MacLure ; edited by Shaurya Shaukat Sircarba 500- year history / aNew DelhibNiyogi Booksc2013 bNew Delhie110020aD- 78, Okhala Industrial Area, Phase- 1 axv,216p. :c23cm(pbk) bill. aIncludes bibliographical references and index aMacLure, Harry aSircar, Shaurya Shaukat 2ddccENmMUTh301.4510954 c82100d82100 001040718NFICaDBADbDBADd2014-01-23eDBAD/PUBg350.00l0o301.4510954 MUTpEN-92690r2014-01-23 00:00:00t1v350.00yEN